Taylor Swift 89 - Statistics

General Stats
  • This quiz has been taken 16 times
    12 since last reset
  • The average score is 321 of 439
Answer Stats
Answer % Correct
a
100%
be
100%
I
100%
know
100%
me
100%
that
100%
the
100%
this
100%
you
100%
and
86%
could
86%
for
86%
had
86%
if
86%
in
86%
it
86%
it's
86%
movie
86%
of
86%
out
86%
to
86%
was
86%
we
86%
your
86%
all
71%
are
71%
at
71%
back
71%
'cause
71%
come
71%
I'm
71%
I've
71%
just
71%
knew
71%
like
71%
my
71%
not
71%
now
71%
oh
71%
on
71%
rain
71%
said
71%
see
71%
then
71%
there
71%
things
71%
too
71%
want
71%
we've
71%
what
71%
when
71%
would
71%
you'd
71%
you're
71%
you've
71%
been
57%
but
57%
by
57%
day
57%
down
57%
fight
57%
here
57%
how
57%
our
57%
say
57%
sorry
57%
stand
57%
them
57%
these
57%
thinking
57%
though
57%
thought
57%
'til
57%
time
57%
up
57%
way
57%
work
57%
about
43%
arms
43%
baby
43%
beating
43%
before
43%
came
43%
change
43%
chasing
43%
door
43%
easy
43%
ending
43%
even
43%
ever
43%
every
43%
everything
43%
flashback
43%
footsteps
43%
friends
43%
front
43%
going
43%
gone
43%
gonna
43%
hall
43%
happen
43%
happened
43%
heard
43%
heart
43%
kind
43%
last
43%
lately
43%
laughing
43%
locked
43%
lose
43%
maybe
43%
memories
43%
months
43%
moving
43%
much
43%
night
43%
nothing
43%
nothing's
43%
outside
43%
own
43%
pacing
43%
people
43%
playing
43%
reaching
43%
remember
43%
since
43%
six
43%
somehow
43%
somewhere
43%
sounded
43%
stairs
43%
still
43%
stood
43%
street
43%
take
43%
thousand
43%
through
43%
waiting
43%
wanna
43%
wrapped
43%
No matching quizzes found
Score Distribution
Percent of People with Each Score
Percentile by Number Answered
Your Score History
You have not taken this quiz since the last reset